[Event "IND-ch U11 20th"]
[Site "Chennai"]
[Date "2006.11.09"]
[Round "9"]
[White "Girish, A Koushnik"]
[Black "Jayavel, Mughil"]
[Result "1-0"]
[WhiteElo "1995"]
[BlackElo "1747"]
[PlyCount "75"]
[EventDate "2006.11.04"]
[EventType "swiss"]
[EventRounds "11"]
[EventCountry "IND"]
[SourceTitle "EXT 2010"]
[Source "ChessBase"]
[SourceDate "2010.11.25"]
[SourceVersion "1"]
[SourceVersionDate "2010.11.25"]
[SourceQuality "1"]

1. d4 Nf6 2. Nf3 g6 3. c4 Bg7 4. Nc3 d6 5. g3 0-0 6. Bg2 Nbd7 7. 0-0 e5 8. e4 c6 9. h3 Qb6 10. dxe5 dxe5 11. Qc2 Re8 12. Be3 Qa6 13. b3 Nb6 14. Rfd1 Qa3 15. c5 Nbd7 16. Na4 Qb4 17. Nd2 Bf8 18. a3 Qa5 19. Nc4 Qc7 20. b4 Nb8 21. Bg5 Be7 22. Nab6 Nbd7 23. Nxa8 Qb8 24. Nd6 Bxd6 25. Rxd6 Qxa8 26. Bxf6 Nxf6 27. Rxf6 Be6 28. Rf3 Rd8 29. Rd3 f5 30. Rad1 Rxd3 31. Qxd3 fxe4 32. Qxe4 Qb8 33. Rd6 b6 34. Rxe6 Kf7 35. Qxc6 bxc5 36. Qd7+ Kf8 37. Bd5 cxb4 38. Rf6# 1-0

[Event "IND-ch U11 20th"]
[Site "Chennai"]
[Date "2006.11.08"]
[Round "7"]
[White "Majumdar, Chandrasish"]
[Black "Jayavel, Mughil"]
[Result "1-0"]
[WhiteElo "2000"]
[BlackElo "1747"]
[PlyCount "135"]
[EventDate "2006.11.04"]
[EventType "swiss"]
[EventRounds "11"]
[EventCountry "IND"]
[SourceTitle "EXT 2010"]
[Source "ChessBase"]
[SourceDate "2010.11.25"]
[SourceVersion "1"]
[SourceVersionDate "2010.11.25"]
[SourceQuality "1"]

1. e4 e6 2. d4 d5 3. Nd2 Nf6 4. e5 Nfd7 5. f4 c5 6. c3 Nc6 7. Ndf3 Qb6 8. Ne2 cxd4 9. cxd4 Bb4+ 10. Kf2 g5 11. Nxg5 Be7 12. Nf3 f6 13. Qb3 fxe5 14. Qxb6 Nxb6 15. fxe5 Nb4 16. Nf4 Bd7 17. Bd2 0-0 18. a3 Nc6 19. Bd3 Nd8 20. g3 Nf7 21. Kg2 Ng5 22. h4 Nxf3 23. Kxf3 Nc4 24. Bc3 Bc6 25. Ke2 Bd7 26. Rhf1 Rf7 27. Nh5 Raf8 28. Rxf7 Rxf7 29. Rf1 Rxf1 30. Kxf1 Ne3+ 31. Ke2 Nc4 32. Kf3 b5 33. Kf4 a5 34. Bxc4 dxc4 35. Nf6+ Bxf6 36. exf6 a4 37. Ke5 Kf7 38. g4 Bc6 39. g5 Bf3 40. Kd6 Bg4 41. Kc6 h5 42. gxh6 Kxf6 43. d5+ Kg6 44. d6 e5 45. Bxe5 Kxh6 46. d7 Bxd7+ 47. Kxd7 Kh5 48. Bf6 Kg6 49. Bd4 Kh5 50. Kc6 Kxh4 51. Kxb5 Kg5 52. Kxa4 Kf5 53. Kb5 Ke4 54. Kxc4 Kf5 55. b4 Ke6 56. Kc5 Kd7 57. Be5 Kc8 58. Kc6 Kd8 59. Bd6 Kc8 60. b5 Kd8 61. b6 Ke8 62. b7 Kf7 63. b8Q Ke6 64. Qe8+ Kf5 65. Qe5+ Kg6 66. Be7 Kf7 67. Qf6+ Ke8 68. Qf8# 1-0